[Event "Oberliga Ost-B 2122"]
[Site "Germany"]
[Date "2022.04.30"]
[Round "2.1"]
[White "Sadeghi, Behrang"]
[Black "Galdunts, Sergey"]
[Result "1/2-1/2"]
[WhiteElo "2256"]
[BlackElo "2413"]
[PlyCount "68"]
[EventDate "2021.10.10"]
[EventType "team-tourn"]
[EventRounds "11"]
[EventCountry "GER"]
[SourceTitle "EXT 2023"]
[Source "ChessBase"]
[SourceDate "2022.10.05"]
[SourceVersion "1"]
[SourceVersionDate "2022.10.05"]
[SourceQuality "1"]
[WhiteTeam "Bad Homburg"]
[BlackTeam "Moerlenbach Birkenau"]
[WhiteTeamCountry "GER"]
[BlackTeamCountry "GER"]

1. e4 e5 2. Nf3 Nc6 3. Bb5 a6 4. Ba4 Nf6 5. d3 d6 6. c3 Be7 7. Nbd2 0-0 8. 0-0 Re8 9. Re1 Bf8 10. Nf1 b5 11. Bb3 h6 12. h3 Na5 13. Bc2 c5 14. Ng3 Qc7 15. d4 Bd7 16. d5 Nc4 17. Nd2 Nb6 18. Qf3 Nh7 19. Ndf1 g6 20. Nh2 Qd8 21. Ng4 Qh4 22. Nf1 Bg7 23. Qg3 Qxg3 24. Nxg3 h5 25. Ne3 Rf8 26. f3 h4 27. Ne2 f5 28. Bd2 Rab8 29. Rad1 Bh6 30. Nf1 Ng5 31. Bc1 Rbe8 32. Ne3 Kg7 33. Rf1 Nh7 34. Rfe1 Rf7 1/2-1/2

[Event "Oberliga Ost-B 2122"]
[Site "Germany"]
[Date "2022.04.02"]
[Round "10.1"]
[White "Sadeghi, Behrang"]
[Black "Hoffmann, Tim"]
[Result "1/2-1/2"]
[WhiteElo "2256"]
[BlackElo "2148"]
[PlyCount "99"]
[EventDate "2021.10.10"]
[EventType "team-tourn"]
[EventRounds "11"]
[EventCountry "GER"]
[SourceTitle "EXT 2023"]
[Source "ChessBase"]
[SourceDate "2022.10.05"]
[SourceVersion "1"]
[SourceVersionDate "2022.10.05"]
[SourceQuality "1"]
[WhiteTeam "Bad Homburg"]
[BlackTeam "Gera"]
[WhiteTeamCountry "GER"]
[BlackTeamCountry "GER"]

1. e4 c5 2. Nf3 d6 3. d4 cxd4 4. Nxd4 Nf6 5. Nc3 a6 6. f3 e5 7. Nb3 Be6 8. Be3 Be7 9. Qd2 h5 10. h4 Nbd7 11. Be2 b5 12. a3 Nc5 13. Nxc5 dxc5 14. Qxd8+ Rxd8 15. 0-0 Kd7 16. Rfd1+ Kc6 17. Rxd8 Rxd8 18. Rd1 c4 19. Rxd8 Bxd8 20. g3 a5 21. b4 axb4 22. axb4 Be7 23. Na2 Nd7 24. Bf1 g6 25. c3 Nb6 26. Kf2 Na4 27. Bc1 Kd6 28. Be3 f5 29. Ke1 f4 30. gxf4 Bxh4+ 31. Kd2 Bg3 32. fxe5+ Kxe5 33. Bd4+ Kd6 34. Nc1 Bf4+ 35. Kc2 Be5 36. Ne2 Bxd4 37. Nxd4 Bd7 38. f4 Nb6 39. Bg2 Nc8 40. e5+ Kc7 41. Be4 Ne7 42. Kd2 Kb6 43. Ke3 Bf5 44. Nxf5 gxf5 45. Bf3 h4 46. Bg2 Kc7 47. Kd4 Ng6 48. Ke3 Ne7 49. Kd4 Ng6 50. Ke3 1/2-1/2

[Event "Hessenliga 1921"]
[Site "Hessen"]
[Date "2019.10.27"]
[Round "2.1"]
[White "Karabalis, Harilos"]
[Black "Sadeghi, Behrang"]
[Result "0-1"]
[WhiteElo "2252"]
[BlackElo "2253"]
[PlyCount "76"]
[EventDate "2019.09.22"]
[EventType "team-tourn"]
[EventRounds "9"]
[EventCountry "GER"]
[SourceTitle "EXT 2024"]
[Source "ChessBase"]
[SourceDate "2023.10.10"]
[SourceVersion "1"]
[SourceVersionDate "2023.10.10"]
[SourceQuality "1"]
[WhiteTeam "Frankfurt Bvk"]
[BlackTeam "Bad Homburg"]
[WhiteTeamCountry "GER"]
[BlackTeamCountry "GER"]

1. c4 e5 2. g3 Nc6 3. Bg2 f5 4. Nf3 Nf6 5. d4 Bb4+ 6. Nc3 e4 7. Ng5 h6 8. Nh3 d5 9. c5 b6 10. cxb6 axb6 11. 0-0 0-0 12. Bd2 Nxd4 13. Nxe4 fxe4 14. Bxb4 c5 15. Bc3 Ne6 16. Bxf6 Rxf6 17. f3 e3 18. f4 Nd4 19. Kh1 Ba6 20. Ng1 Qd7 21. Rc1 Rd8 22. b4 Bc4 23. bxc5 bxc5 24. Rc3 Re8 25. Re1 Qb5 26. Qc1 Kh8 27. Rd1 Rfe6 28. f5 R6e7 29. Rf1 Qa6 30. Ra3 Qb6 31. Rf4 Nxe2 32. Nxe2 Bxe2 33. f6 gxf6 34. Bxd5 c4 35. Qc3 Re5 36. Ra8 Bh5 37. Rxe8+ Bxe8 38. Bxc4 Bc6+ 0-1

[Event "Hessenliga 1921"]
[Site "Hessen"]
[Date "2019.09.22"]
[Round "1.1"]
[White "Sadeghi, Behrang"]
[Black "Kloninger, Paul"]
[Result "1/2-1/2"]
[WhiteElo "2253"]
[BlackElo "2293"]
[PlyCount "80"]
[EventDate "2019.09.22"]
[EventType "team-tourn"]
[EventRounds "9"]
[EventCountry "GER"]
[SourceTitle "EXT 2024"]
[Source "ChessBase"]
[SourceDate "2023.10.10"]
[SourceVersion "1"]
[SourceVersionDate "2023.10.10"]
[SourceQuality "1"]
[WhiteTeam "Bad Homburg"]
[BlackTeam "Fulda"]
[WhiteTeamCountry "GER"]
[BlackTeamCountry "GER"]

1. e4 c5 2. c3 e6 3. d4 d5 4. exd5 exd5 5. Nf3 Nf6 6. Bb5+ Bd7 7. Qe2+ Be7 8. 0-0 0-0 9. Ne5 Nc6 10. Bxc6 bxc6 11. Bg5 h6 12. Bh4 Re8 13. Qf3 Qc7 14. Nd2 Be6 15. Rfe1 c4 16. Bg3 Bd6 17. b3 cxb3 18. axb3 c5 19. h3 cxd4 20. cxd4 Qb6 21. Qd3 Bb4 22. Ra6 Qb7 23. Rea1 Bxd2 24. Qxd2 Qxb3 25. Rxa7 Rxa7 26. Rxa7 Ne4 27. Qe1 Rc8 28. Bf4 Qb2 29. Be3 Rc2 30. Ra8+ Kh7 31. Nd3 Qb3 32. Nc5 Nxc5 33. dxc5 Bf5 34. Qa5 Re2 35. Qd8 Rxe3 36. fxe3 Qxe3+ 37. Kh2 Qf4+ 38. Kg1 Qe3+ 39. Kh2 Qe5+ 40. Kg1 Qe3+ 1/2-1/2

[Event "Hessenliga 1819"]
[Site "Hessen"]
[Date "2018.11.04"]
[Round "2.1"]
[White "Sadeghi, Behrang"]
[Black "Cherny, Andrey"]
[Result "1/2-1/2"]
[WhiteElo "2280"]
[BlackElo "2181"]
[PlyCount "43"]
[EventDate "2018.09.23"]
[EventType "team-tourn"]
[EventRounds "9"]
[EventCountry "GER"]
[SourceTitle "EXT 2020"]
[Source "ChessBase"]
[SourceDate "2019.10.17"]
[SourceVersion "1"]
[SourceVersionDate "2019.10.17"]
[SourceQuality "1"]
[WhiteTeam "Bad Homburg"]
[BlackTeam "Kassel"]
[WhiteTeamCountry "GER"]
[BlackTeamCountry "GER"]

1. e4 e5 2. Nf3 Nc6 3. Bc4 Bc5 4. b4 Bxb4 5. c3 Ba5 6. 0-0 d6 7. d4 exd4 8. cxd4 Bb6 9. h3 Nf6 10. Nc3 0-0 11. Bg5 h6 12. Bh4 g5 13. Bg3 g4 14. Bh4 gxf3 15. Nd5 Bxd4 16. Qxf3 Kg7 17. Qg3+ Kh8 18. Qf4 Kg7 19. Qg3+ Kh8 20. Qf4 Kg7 21. Qg3+ Kh8 22. Qf4 1/2-1/2

[Event "Hessen-chA"]
[Site "Marburg"]
[Date "2017.??.??"]
[Round "5"]
[White "Feicht, Arno"]
[Black "Sadeghi, Behrang"]
[Result "0-1"]
[WhiteElo "2038"]
[BlackElo "2283"]
[PlyCount "86"]
[EventDate "2017.05.24"]
[EventType "swiss"]
[EventRounds "7"]
[EventCountry "GER"]
[SourceTitle "EXT 2018"]
[Source "ChessBase"]
[SourceDate "2017.10.13"]
[SourceVersion "1"]
[SourceVersionDate "2017.10.13"]
[SourceQuality "1"]

1. e4 g6 2. d4 Bg7 3. Nc3 d6 4. Bg5 c6 5. Qd2 b5 6. f4 b4 7. Nd1 Qb6 8. c3 a5 9. Ne3 Ba6 10. Nf3 Bxf1 11. Rxf1 Nf6 12. Bxf6 exf6 13. Nc4 bxc3 14. bxc3 Qc7 15. Rb1 Nd7 16. Kf2 0-0 17. Rfe1 d5 18. exd5 cxd5 19. Ne3 Qc6 20. Rec1 Nb6 21. Ne1 Rfe8 22. Rb2 Rxe3 23. Rxb6 Qxb6 24. Qxe3 Qb5 25. Qd3 Qa4 26. Rc2 Rc8 27. g3 Re8 28. Ng2 f5 29. Rb2 Qa3 30. Qc2 Rc8 31. Rb3 Bxd4+ 32. Kf3 Qe7 33. h3 Rxc3+ 34. Rxc3 Qe4+ 35. Qxe4 fxe4+ 36. Ke2 Bxc3 37. Ke3 f5 38. g4 d4+ 39. Ke2 Kf7 40. Nh4 Ke6 41. gxf5+ gxf5 42. Ng2 Bb4 43. a4 Be7 0-1

[Event "Hessen-chA"]
[Site "Marburg"]
[Date "2017.??.??"]
[Round "4"]
[White "Sadeghi, Behrang"]
[Black "Bethke, Robert"]
[Result "1-0"]
[WhiteElo "2283"]
[BlackElo "1912"]
[PlyCount "29"]
[EventDate "2017.05.24"]
[EventType "swiss"]
[EventRounds "7"]
[EventCountry "GER"]
[SourceTitle "EXT 2018"]
[Source "ChessBase"]
[SourceDate "2017.10.13"]
[SourceVersion "1"]
[SourceVersionDate "2017.10.13"]
[SourceQuality "1"]

1. e4 e5 2. Bc4 Nc6 3. Nf3 Bc5 4. b4 Bxb4 5. c3 Ba5 6. d4 exd4 7. 0-0 b5 8. Bxb5 Bxc3 9. Nxc3 dxc3 10. Bxc6 dxc6 11. Qc2 Ne7 12. Rd1 Nd5 13. exd5 cxd5 14. Ba3 Qf6 15. Rxd5 1-0

[Event "Hessen-chA"]
[Site "Marburg"]
[Date "2017.??.??"]
[Round "6"]
[White "Sadeghi, Behrang"]
[Black "Flach, Erich"]
[Result "1-0"]
[WhiteElo "2283"]
[BlackElo "2098"]
[PlyCount "71"]
[EventDate "2017.05.24"]
[EventType "swiss"]
[EventRounds "7"]
[EventCountry "GER"]
[SourceTitle "EXT 2018"]
[Source "ChessBase"]
[SourceDate "2017.10.13"]
[SourceVersion "1"]
[SourceVersionDate "2017.10.13"]
[SourceQuality "1"]

1. e4 c5 2. Nf3 e6 3. c3 Nf6 4. e5 Nd5 5. d4 cxd4 6. cxd4 b6 7. Nc3 Nxc3 8. bxc3 Qc7 9. Bd2 Bb7 10. Bd3 d6 11. 0-0 Nd7 12. exd6 Bxd6 13. Re1 0-0 14. h3 Rac8 15. Ng5 Nf6 16. Qe2 Qc6 17. f4 Qd5 18. a4 Bc7 19. Qf2 Rfd8 20. Re5 Qd7 21. Ree1 Bc6 22. Nf3 Qd5 23. Ne5 Be8 24. Qh4 Rd6 25. Ng4 Nxg4 26. Qxh7+ Kf8 27. hxg4 g6 28. Re5 Qb3 29. f5 Rxd4 30. Rxe6 Qxe6 31. fxe6 Rxd3 32. exf7 Bxf7 33. Qh8+ Bg8 34. Qf6+ Bf7 35. Bh6+ Ke8 36. Re1+ 1-0

[Event "Hessen-chA"]
[Site "Marburg"]
[Date "2017.??.??"]
[Round "7"]
[White "Weber, Samuel"]
[Black "Sadeghi, Behrang"]
[Result "0-1"]
[WhiteElo "2039"]
[BlackElo "2283"]
[PlyCount "136"]
[EventDate "2017.05.24"]
[EventType "swiss"]
[EventRounds "7"]
[EventCountry "GER"]
[SourceTitle "EXT 2018"]
[Source "ChessBase"]
[SourceDate "2017.10.13"]
[SourceVersion "1"]
[SourceVersionDate "2017.10.13"]
[SourceQuality "1"]

1. e4 c6 2. d3 d5 3. Nd2 e5 4. Ngf3 Bd6 5. g3 Nf6 6. Bg2 0-0 7. 0-0 Re8 8. h3 Nbd7 9. b3 a5 10. a4 Nf8 11. Bb2 Ng6 12. Re1 dxe4 13. Nxe4 Nxe4 14. dxe4 Qc7 15. Nd2 Be6 16. Nf1 Rad8 17. Qe2 Bb4 18. Red1 f6 19. Ne3 Rxd1+ 20. Rxd1 Rd8 21. Rd3 Rxd3 22. Qxd3 Qd6 23. Qxd6 Bxd6 24. Bf1 Kf8 25. Bc3 b6 26. Kg2 Bc5 27. Bc4 Bd7 28. Bd2 Ne7 29. f4 exf4 30. gxf4 Bd6 31. Nd1 Ng6 32. Kg3 h5 33. h4 Ne7 34. Bc3 Ng6 35. Bd2 Ne7 36. Be2 Be8 37. Be3 g5 38. hxg5 fxg5 39. e5 Nf5+ 40. Kf2 Nxe3 41. Nxe3 gxf4 42. Nc4 Bc5+ 43. Kf3 Be3 44. Nxe3 fxe3 45. Kxe3 Bg6 46. c3 Bf7 47. Bd1 Be6 48. c4 h4 49. Bf3 c5 50. Kf4 Ke7 51. Be4 h3 52. Kg3 Kf8 53. Kf4 Kg7 54. Kg3 Bd7 55. Kh2 Bg4 56. Bc6 Kg6 57. Kg3 Kg5 58. Bb5 Bd1 59. Kxh3 Kf5 60. e6 Kxe6 61. Kh4 Ke5 62. Kg5 Bxb3 63. Kg6 Kd4 64. Kf6 Bxc4 65. Bd7 Bd5 66. Ke7 c4 67. Bg4 Kc5 68. Kd7 Be4 0-1

[Event "Frankfurt-ch"]
[Site "Frankfurt"]
[Date "2008.05.05"]
[Round "2"]
[White "Sadeghi, Behrang"]
[Black "Krueger, Till"]
[Result "1-0"]
[WhiteElo "2283"]
[BlackElo "2069"]
[PlyCount "81"]
[EventDate "2008.04.28"]
[EventType "swiss"]
[EventRounds "7"]
[EventCountry "GER"]
[SourceTitle "EXT 2009"]
[Source "ChessBase"]
[SourceDate "2008.11.26"]
[SourceVersion "1"]
[SourceVersionDate "2008.11.26"]
[SourceQuality "1"]

1. e4 e6 2. d4 d5 3. e5 c5 4. c3 Nc6 5. Nf3 Bd7 6. a3 f6 7. Bd3 cxd4 8. cxd4 Qb6 9. Nc3 fxe5 10. dxe5 g6 11. 0-0 Bg7 12. Be3 Qd8 13. Nb5 Nge7 14. Nd6+ Kf8 15. Nxb7 Qc7 16. Nc5 Nxe5 17. Ng5 Qd6 18. Nb7 Qb8 19. Nc5 Qd6 20. Nb7 Qb8 21. Ba6 Bf6 22. Bc5 Kg7 23. Bd6 Qe8 24. Re1 N7c6 25. Qd2 h6 26. Nh3 Nd4 27. Bxe5 Bxe5 28. Rxe5 Nb3 29. Qc3 Nxa1 30. Rxe6+ Kh7 31. Rxe8 Rhxe8 32. f3 Rac8 33. Nc5 Rc7 34. Bd3 Ba4 35. Qf6 Rg8 36. Nxa4 Nb3 37. Nf4 Rcg7 38. Nxg6 Rxg6 39. Qf7+ R8g7 40. Bxg6+ Kh8 41. Qf8+ 1-0

[Event "Frankfurt-ch"]
[Site "Frankfurt"]
[Date "2008.04.28"]
[Round "1"]
[White "Foerster, Rudi"]
[Black "Sadeghi, Behrang"]
[Result "0-1"]
[WhiteElo "1914"]
[BlackElo "2283"]
[PlyCount "30"]
[EventDate "2008.04.28"]
[EventType "swiss"]
[EventRounds "7"]
[EventCountry "GER"]
[SourceTitle "EXT 2009"]
[Source "ChessBase"]
[SourceDate "2008.11.26"]
[SourceVersion "1"]
[SourceVersionDate "2008.11.26"]
[SourceQuality "1"]

1. e4 e6 2. d4 d5 3. Nd2 dxe4 4. Nxe4 Nf6 5. Nxf6+ gxf6 6. Bb5+ c6 7. Bc4 Nd7 8. Be3 Nb6 9. Bb3 Nd5 10. Qd2 h5 11. Ne2 Qc7 12. Nf4 Nxe3 13. fxe3 Bd7 14. Qe2 Bd6 15. Nxh5 Qa5+ 0-1

[Event "Frankfurt-ch"]
[Site "Frankfurt"]
[Date "2007.05.07"]
[Round "2"]
[White "Sadeghi, Behrang"]
[Black "Krueger, Till"]
[Result "1/2-1/2"]
[WhiteElo "2283"]
[BlackElo "2048"]
[PlyCount "120"]
[EventDate "2007.04.30"]
[EventType "swiss"]
[EventRounds "7"]
[EventCountry "GER"]
[SourceTitle "EXT 2008"]
[Source "ChessBase"]
[SourceDate "2007.11.25"]
[SourceVersion "1"]
[SourceVersionDate "2007.11.25"]
[SourceQuality "1"]

1. e4 g6 2. Nc3 Bg7 3. f4 c5 4. Nf3 Nc6 5. Bc4 e6 6. 0-0 Nge7 7. Qe2 0-0 8. d3 d5 9. Bb3 Nd4 10. Nxd4 cxd4 11. Nd1 dxe4 12. dxe4 e5 13. fxe5 Nc6 14. Nf2 Nxe5 15. Nd3 Qe7 16. Nf4 Qd6 17. h3 Bd7 18. Nd5 a6 19. a4 b5 20. Bd2 d3 21. cxd3 Nc6 22. Bc3 Nd4 23. Qd1 Bxh3 24. axb5 Qg3 25. Nf4 Bg4 26. Qe1 Qxe1 27. Rfxe1 Nxb3 28. Ra3 Nd4 29. Rxa6 Nxb5 30. Bxg7 Kxg7 31. Rea1 Rxa6 32. Rxa6 Rd8 33. Kf2 Nd4 34. Nd5 Rb8 35. Ke3 Nc2+ 36. Kd2 Nd4 37. Ke3 Ne6 38. b4 Rb7 39. Rc6 Bd1 40. Rc3 g5 41. g3 h5 42. Kd2 Ba4 43. Ke3 h4 44. gxh4 gxh4 45. Rc1 Ng5 46. Rg1 Kh6 47. Ra1 Bb5 48. Nf4 Ne6 49. Nd5 Kh5 50. Rg1 Ng5 51. Nf4+ Kh6 52. Rg4 Bc6 53. Rxh4+ Kg7 54. Rh5 Ne6 55. Ne2 Rxb4 56. Rh1 Bb5 57. Rg1+ Kf8 58. Ra1 Rb3 59. Nc1 Rc3 60. Kd2 Rc7 1/2-1/2

[Event "Frankfurt-ch"]
[Site "Frankfurt"]
[Date "2006.06.12"]
[Round "7"]
[White "Sadeghi, Behrang"]
[Black "Loos, Roland"]
[Result "0-1"]
[WhiteElo "2168"]
[BlackElo "2307"]
[PlyCount "101"]
[EventDate "2006.04.24"]
[EventType "swiss"]
[EventRounds "7"]
[EventCountry "GER"]
[SourceTitle "EXT 2007"]
[Source "ChessBase"]
[SourceDate "2006.11.23"]
[SourceVersion "1"]
[SourceVersionDate "2006.11.23"]
[SourceQuality "1"]

1. e4 c6 2. d4 d5 3. f3 e6 4. Nc3 Bb4 5. e5 c5 6. a3 cxd4 7. axb4 dxc3 8. bxc3 Qc7 9. Qd4 Nc6 10. Bb5 Nge7 11. f4 Bd7 12. Qd3 0-0 13. Ne2 a6 14. Ba4 Nb8 15. Be3 Bxa4 16. Rxa4 Nd7 17. 0-0 Nb6 18. Ra2 Nc4 19. Bd4 Nc6 20. Bc5 Rfc8 21. Ng3 g6 22. Bf2 a5 23. Rfa1 a4 24. Ne4 dxe4 25. Qxc4 Ne7 26. Qxc7 Rxc7 27. Rxa4 Rxa4 28. Rxa4 Nd5 29. Ra8+ Kg7 30. Bc5 h6 31. g3 Nxc3 32. Kf2 Rd7 33. Bf8+ Kh7 34. Bd6 Nb5 35. Rb8 Na3 36. c3 Nc4 37. Ke2 b6 38. h4 Nxd6 39. exd6 Rxd6 40. Rb7 Kg7 41. c4 Rc6 42. b5 Rxc4 43. Rxb6 Rb4 44. g4 Kf6 45. Ke3 h5 46. gxh5 gxh5 47. Rb7 Kg6 48. b6 f6 49. Rb8 Kf5 50. b7 Rb3+ 51. Ke2 0-1

[Event "Frankfurt-ch"]
[Site "Frankfurt"]
[Date "2005.06.06"]
[Round "6"]
[White "Sadeghi, Behrang"]
[Black "Schwenkreis, Thomas"]
[Result "0-1"]
[WhiteElo "2183"]
[BlackElo "2109"]
[PlyCount "71"]
[EventDate "2005.04.25"]
[EventType "swiss"]
[EventRounds "7"]
[EventCountry "GER"]
[SourceTitle "EXT 2006"]
[Source "ChessBase"]
[SourceDate "2005.11.24"]
[SourceVersion "1"]
[SourceVersionDate "2005.11.24"]
[SourceQuality "1"]

1. e4 e5 2. Nf3 Nc6 3. Bb5 a6 4. Ba4 Nf6 5. 0-0 Be7 6. Re1 d6 7. c3 Bg4 8. d3 b5 9. Bc2 h6 10. Nbd2 Nh7 11. h3 Bh5 12. Nf1 Bg5 13. Ng3 Bg6 14. d4 Bf6 15. a4 0-0 16. d5 Ne7 17. Qe2 Rb8 18. axb5 axb5 19. b4 h5 20. Ra5 h4 21. Nf1 Bh5 22. N1h2 Qd7 23. Bd3 c6 24. dxc6 Qxc6 25. Bd2 Ng6 26. Bxb5 Qb7 27. g3 hxg3 28. fxg3 Bd8 29. Ba6 Qc6 30. Ra3 Ng5 31. Bxg5 Bxg5 32. Qc4 Qb6+ 33. Kg2 Bh6 34. g4 Nf4+ 35. Kh1 Bg6 36. g5 0-1

[Event "Frankfurt-ch"]
[Site "Frankfurt"]
[Date "2005.05.30"]
[Round "5"]
[White "Willems, Matthias"]
[Black "Sadeghi, Behrang"]
[Result "0-1"]
[WhiteElo "1936"]
[BlackElo "2183"]
[PlyCount "108"]
[EventDate "2005.04.25"]
[EventType "swiss"]
[EventRounds "7"]
[EventCountry "GER"]
[SourceTitle "EXT 2006"]
[Source "ChessBase"]
[SourceDate "2005.11.24"]
[SourceVersion "1"]
[SourceVersionDate "2005.11.24"]
[SourceQuality "1"]

1. d4 d5 2. Nf3 Bf5 3. c4 e6 4. Nc3 c6 5. Qb3 Qc7 6. Bf4 dxc4 7. Bxc7 cxb3 8. e4 Bg6 9. a3 Nf6 10. Nd2 Kd7 11. Be5 Be7 12. f3 Rc8 13. Nxb3 Ke8 14. h4 h5 15. Na5 b6 16. Nc4 Kf8 17. Ne3 Nfd7 18. Bg3 Bf6 19. Bd6+ Be7 20. Bg3 Bf6 21. Bd6+ Kg8 22. Rd1 a6 23. Be2 b5 24. e5 Bd8 25. Rc1 Bb6 26. Rd1 c5 27. d5 c4 28. dxe6 fxe6 29. Kf2 Nc6 30. f4 Nd4 31. Rd2 Nb3 32. Rdd1 Nd4 33. Rd2 Nf5 34. Ncd1 Nc5 35. Bf3 Ra7 36. Bxc5 Bxc5 37. Re1 Nxh4 38. Rh1 Nxf3 39. Kxf3 Rf8 40. Rh4 Be8 41. g3 g5 42. Rhh2 h4 43. f5 hxg3 44. Kxg3 exf5 45. Nd5 Be7 46. Rh6 Kg7 47. Rdh2 Bg6 48. Nf2 Rd8 49. Nb4 Bxb4 50. axb4 Re7 51. Kg2 Rxe5 52. R6h3 Re2 53. Kf1 Rxb2 54. Re3 g4 0-1

[Event "Hessen-ch MT"]
[Site "Offenbach"]
[Date "2005.04.01"]
[Round "6"]
[White "Sadeghi, Behrang"]
[Black "Felczer, Kevin"]
[Result "1/2-1/2"]
[WhiteElo "2301"]
[BlackElo "2257"]
[PlyCount "37"]
[EventDate "2005.03.28"]
[EventType "swiss"]
[EventRounds "9"]
[EventCountry "GER"]
[SourceTitle "EXT 2006"]
[Source "ChessBase"]
[SourceDate "2005.11.24"]
[SourceVersion "1"]
[SourceVersionDate "2005.11.24"]
[SourceQuality "1"]

1. e4 c5 2. Nc3 Nc6 3. f4 g6 4. Bb5 Nd4 5. Nf3 Bg7 6. 0-0 Nxb5 7. Nxb5 d5 8. e5 a6 9. Nc3 Bg4 10. d3 e6 11. Qe1 Bxf3 12. Rxf3 Ne7 13. Ne2 h5 14. Be3 d4 15. Bd2 Nf5 16. Ng3 Nxg3 17. Rxg3 Qd5 18. Qe2 0-0-0 19. Qf3 1/2-1/2

[Event "Landesliga Nord 0203"]
[Site "Bayern"]
[Date "2003.02.23"]
[Round "7.2"]
[White "Jirovsky, Pavel"]
[Black "Sadeghi, Behrang"]
[Result "1-0"]
[WhiteElo "2348"]
[BlackElo "2184"]
[PlyCount "91"]
[EventDate "2002.10.20"]
[EventType "team"]
[EventRounds "9"]
[EventCountry "GER"]
[SourceTitle "EXT 2004"]
[Source "ChessBase"]
[SourceDate "2003.11.25"]
[SourceVersion "1"]
[SourceVersionDate "2003.11.25"]
[SourceQuality "1"]
[WhiteTeam "Koetzting"]
[BlackTeam "Burgsinn"]
[WhiteTeamCountry "GER"]
[BlackTeamCountry "GER"]

1. d4 d5 2. Nf3 Nf6 3. g3 c6 4. Bg2 Bf5 5. 0-0 h6 6. c4 e6 7. Nc3 Nbd7 8. Qb3 Qb6 9. c5 Qa6 10. Bf4 b6 11. cxb6 axb6 12. Rfc1 Be7 13. h3 g5 14. Be5 0-0 15. g4 Bg6 16. a4 Rfc8 17. Bh2 Ne4 18. e3 Qa5 19. Nxe4 Bxe4 20. Ne5 Nxe5 21. Bxe5 Bg6 22. Bf1 c5 23. dxc5 bxc5 24. Qb5 Qa7 25. a5 f6 26. Bg3 e5 27. Bg2 Bf7 28. a6 Rab8 29. Qd3 c4 30. Qd2 Rb5 31. b3 Bb4 32. Qe2 Rb6 33. bxc4 dxc4 34. Bb7 Rd8 35. Qf3 Kg7 36. Ra4 Bd2 37. Rcxc4 Rb1+ 38. Kg2 Bxc4 39. Rxc4 Rd7 40. Rc2 Bb4 41. Qf5 Rdd1 42. Be4 Rg1+ 43. Kh2 Bc5 44. Rd2 Rbd1 45. Qg6+ Kh8 46. Qxf6+ 1-0

[Event "Landesliga Nord 0203"]
[Site "Bayern"]
[Date "2002.10.20"]
[Round "1.2"]
[White "Sadeghi, Behrang"]
[Black "Bade, Joern"]
[Result "1/2-1/2"]
[WhiteElo "2184"]
[BlackElo "2223"]
[PlyCount "118"]
[EventDate "2002.10.20"]
[EventType "team"]
[EventRounds "9"]
[EventCountry "GER"]
[SourceTitle "EXT 2004"]
[Source "ChessBase"]
[SourceDate "2003.11.25"]
[SourceVersion "1"]
[SourceVersionDate "2003.11.25"]
[SourceQuality "1"]
[WhiteTeam "Burgsinn"]
[BlackTeam "Forchheim II"]
[WhiteTeamCountry "GER"]
[BlackTeamCountry "GER"]

1. e4 e5 2. Nf3 Nc6 3. Bb5 a6 4. Ba4 Nf6 5. d3 b5 6. Bb3 Bc5 7. 0-0 d6 8. c3 Bb6 9. a4 Bb7 10. Na3 0-0 11. Bg5 b4 12. Nc4 a5 13. Nxb6 cxb6 14. Bd5 h6 15. Bh4 g5 16. Bxc6 Bxc6 17. Nxg5 Nxe4 18. Nxe4 Qxh4 19. Nxd6 Rad8 20. Nf5 Qg5 21. Qg4 Kh7 22. Qxg5 hxg5 23. d4 Bd7 24. Ne3 exd4 25. cxd4 Be6 26. Rfd1 Bd5 27. f3 f5 28. Kf2 f4 29. Nxd5 Rxd5 30. Rac1 Rf6 31. Rc7+ Kg6 32. Re7 Rc6 33. Rd2 Kf6 34. Rh7 Kg6 35. Re7 Kf6 36. Re4 Kf5 37. g4+ fxg3+ 38. hxg3 b5 39. axb5 Rxb5 40. g4+ Kf6 41. b3 Rd5 42. Ke3 Rc1 43. f4 Rh1 44. fxg5+ Kxg5 45. Kd3 Rd8 46. Re5+ Kxg4 47. Rxa5 Rc1 48. Ke3 Re1+ 49. Kf2 Rb1 50. Re5 Rxb3 51. d5 Rf3+ 52. Ke2 Rf5 53. Re4+ Kg5 54. d6 Rb5 55. Kd1 b3 56. Kc1 Rd7 57. Re7 Rbb7 58. Rxd7 Rxd7 59. Kb2 Kf6 1/2-1/2

[Event "Frankfurt-ch"]
[Site "Frankfurt"]
[Date "2002.06.10"]
[Round "6"]
[White "Reschke, Stefan"]
[Black "Sadeghi, Behrang"]
[Result "1-0"]
[WhiteElo "2363"]
[BlackElo "2285"]
[PlyCount "77"]
[EventDate "2002.04.??"]
[EventType "swiss"]
[EventRounds "7"]
[EventCountry "GER"]
[SourceTitle "EXT 2003"]
[Source "ChessBase"]
[SourceDate "2002.11.25"]
[SourceVersion "1"]
[SourceVersionDate "2002.11.25"]
[SourceQuality "1"]

1. Nf3 Nf6 2. g3 d5 3. Bg2 c6 4. b3 Bg4 5. Bb2 Nbd7 6. c4 e6 7. 0-0 Bd6 8. d3 0-0 9. Na3 Qe7 10. Nc2 Rfc8 11. Ne3 Bh5 12. Qc2 b5 13. Rfc1 Qf8 14. Nd4 a6 15. Nf3 Bg6 16. Nh4 Bh5 17. h3 Kh8 18. Rab1 Rab8 19. Nf3 Bg6 20. Ng4 Nxg4 21. hxg4 Kg8 22. Nh4 Be5 23. Nxg6 hxg6 24. d4 Bf6 25. c5 e5 26. e4 exd4 27. exd5 d3 28. Qxd3 Nxc5 29. Qe3 cxd5 30. Bxd5 Bxb2 31. Rxb2 Nd3 32. Rxc8 Qxc8 33. Rd2 Nc1 34. Qa7 Qf8 35. Bxf7+ Qxf7 36. Qxb8+ Kh7 37. f4 g5 38. f5 g6 39. Rh2+ 1-0